Анализ финансового состояния коммерческого банка

Dettagli Bibliografici
Autore principale: Панов Г. С. Галина Сергеевна
Riassunto:Исключено из фонда НТБ ТПУ
Lingua:russo
Pubblicazione: Москва, Финансы и статистика, 1996
Natura: Libro
KOHA link:https://koha.lib.tpu.ru/cgi-bin/koha/opac-detail.pl?biblionumber=2605

MARC

LEADER 00000nam0a2200000 4500
001 2605
005 20231030174031.0
010 |a 5279016233 
035 |a (RuTPU)RU\TPU\book\2617 
035 |a BOOK00002624 
090 |a 2605 
100 |a 20011209d1996 km y0rusy50 ca 
101 0 |a rus 
102 |a RU 
105 |a a z 000zy 
200 1 |a Анализ финансового состояния коммерческого банка  |f Г. С. Панов 
210 |a Москва  |c Финансы и статистика  |d 1996 
215 |a 272 с.  |c ил. 
333 |a Исключено из фонда НТБ ТПУ 
700 1 |a Панов  |b Г. С.  |g Галина Сергеевна 
801 0 |a RU  |b 63413507  |c 20011209  |g PSBO 
801 2 |a RU  |b 63413507  |c 20170302  |g PSBO 
942 |c BK